Fundamentals of the securities industry

Bibliographic Details
Main Author: Pessin, Allan H. (Author)
Format: Book
Published: New York : New York Institute of Finance , c1985
Edition:Rev. ed.
Subjects:

MARC

LEADER 00000cam a2200000 7i4500
001 0000005226
005 20021118093000.0
008 021118n
020 |a 0133439062 
090 0 0 |a HG4751   |b .P47 
100 0 |a Pessin, Allan H. ,   |e author 
245 0 0 |a Fundamentals of the securities industry   |c Allan H. Pessin 
250 |a Rev. ed. 
260 2 |a New York :   |b New York Institute of Finance ,   |c c1985 
300 |a 394 p. ; ;   |c 29 cm. 
500 |a Includes index 
650 0 |a Corporations   |x Finance   |z United States 
650 0 |a Securities   |z United States 
999 |a 1000019669   |b Book   |c OPEN SHELF (30 DAYS)   |e Gong Badak Campus